1996 UEFA European Championship Cities - Statistics

General Stats
  • This quiz has been taken 11 times
  • The average score is 7 of 8
Answer Stats
Picture Answer % Correct
London
100%
Birmingham
91%
Leeds
91%
Liverpool
91%
Manchester
91%
Newcastle
82%
Sheffield
73%
Nottingham
64%
No matching quizzes found
Score Distribution
Percent of People with Each Score
Percentile by Number Answered
Your Score History
You have not taken this quiz